[Event "5th ch-Asian"]
[Site "Hyderabad IND"]
[Date "2005.10.10"]
[Round "5"]
[White "Kayumov,S"]
[Black "Koneru,H"]
[Result "0-1"]
[WhiteElo "2436"]
[BlackElo "2540"]

1.e4 g6 2.d4 Bg7 3.Nc3 d6 4.Be3 a6 5.Nf3 Nd7 6.Bd3 e6 7.Qd2 h6 8.Ne2 b6 9.g4 Bb7
10.Ng3 c5 11.c3 Qc7 12.Qe2 Ne7 13.h4 b5 14.a4 c4 15.Bc2 Nb6 16.axb5 axb5
17.Rxa8+ Bxa8 18.h5 g5 19.d5 exd5 20.Bd4 O-O 21.Nf5 Nxf5 22.exf5 Nd7 23.Bxg7 Kxg7
24.Qe7 Qd8 25.Qxd8 Rxd8 26.Nd4 Ne5 27.f3 b4 28.Kd2 b3 29.Bb1 Kf6 30.Re1 Bb7
31.Re3 Ra8 32.Re2 Bc8 33.Re1 Ra1 34.Rd1 Nc6 35.Re1 Na5 36.Ke3 Nb7 37.f4 gxf4+
38.Kxf4 Nc5 39.Nf3 Na4 40.g5+ hxg5+ 41.Nxg5 Bxf5 42.h6 Rxb1 43.h7 Kg7 44.Re7 Rf1+  0-1

[Event "Goodbye Summer Open"]
[Site "Omis CRO"]
[Date "2005.10.11"]
[Round "2"]
[White "Zaja,I"]
[Black "Plenkovic,Z"]
[Result "1/2-1/2"]
[WhiteElo "2466"]
[BlackElo "2321"]

1.d4 g6 2.e4 Bg7 3.Nc3 d6 4.f4 d5 5.Nxd5 c6 6.Ne3 Qxd4 7.Qxd4 Bxd4 8.Nf3 Bg7
9.Bc4 Nd7 10.Ng5 Nh6 11.e5 b5 12.Be2 Nc5 13.Bf3 Bd7 14.Bd2 Rc8 15.Bb4 f6
16.exf6 exf6 17.Bxc5 fxg5 18.O-O-O gxf4 19.Nc4 Nf5 20.Rhe1+ Kd8 21.Bg4 bxc4
22.Bxf5 gxf5 23.Re7 Bxb2+ 24.Kxb2 Rc7 25.Rd4 h5 26.Rxf4 Rg8 27.Rh7 Be8 28.Rxc7 Kxc7
29.g3 Bd7 30.Rh4 Be8 31.Rf4 Bd7 32.Bxa7 Ra8 33.Bc5 c3+ 34.Kb1 Re8 35.a4 Re1+
36.Ka2 Be6+ 37.Ka3 Re2 38.Rf2 Rxf2 39.Bxf2 Kb7 40.Kb4 Ka6 41.Bd4 Bd5 42.Bxc3 Be4
43.Kb3 Kb6 44.Bd4+ Ka5 45.Bc3+ Kb6 46.Bd2 Ka6 47.c3 Ka5 48.Be1 Bf3 49.c4+ Kb6
50.a5+ Ka6 51.Kb4 Be4 52.Kc5 Bg2 53.Kd6 Kb7 54.Bf2 Bf1 55.c5 Bg2 56.Ke5 Bh3
57.Kf6 Bg4 58.Be1 Ka6 59.Ke5 Kb7 60.Bc3 Bh3 61.Bd2 Bg4 62.Bg5 Bh3 63.Bd8 Bg4
64.Kf4 Ka6 65.Kg5 Kb5 66.Kh4 Bf3 67.Bb6 Ka6 68.h3 Bg2  1/2-1/2

[Event "5th ch-Asian"]
[Site "Hyderabad IND"]
[Date "2005.10.12"]
[Round "6"]
[White "Yu Shaoteng"]
[Black "Annaberdiev,M"]
[Result "1-0"]
[WhiteElo "2516"]
[BlackElo "2421"]

1.e4 g6 2.d4 Bg7 3.Nc3 d6 4.Be3 a6 5.f4 b5 6.Bd3 Bb7 7.Nf3 b4 8.Ne2 Nf6 9.e5 Nd5
10.Bf2 e6 11.c4 bxc3 12.bxc3 Nd7 13.Rb1 N5b6 14.Ng3 d5 15.O-O a5 16.Qe2 Qc8
17.f5 Nf8 18.Bb5+ c6 19.Bd3 Nc4 20.f6 Bh6 21.Bxc4 dxc4  1-0

[Event "5th ch-Asian"]
[Site "Hyderabad IND"]
[Date "2005.10.13"]
[Round "7"]
[White "Sai,Sr"]
[Black "Simonenko,S"]
[Result "1/2-1/2"]
[WhiteElo "2304"]
[BlackElo "2409"]

1.e4 g6 2.d4 Bg7 3.Nc3 d6 4.g3 Nf6 5.Bg2 O-O 6.Nge2 e5 7.h3 c6 8.a4 Na6 9.Be3 Qe7
10.O-O Nb4 11.f4 b6 12.Re1 Ba6 13.Qd2 Rfd8 14.Kh2 Nh5 15.g4 Nf6 16.Ng3 exd4
17.Bxd4 Nxg4+ 18.hxg4 Bxd4 19.Qxd4 Nxc2 20.Qf2 Nxa1 21.Rxa1 Qh4+ 22.Bh3 Re8
23.Nh1 Qe7 24.g5 Rad8 25.Qg3 f6 26.gxf6 Qxf6 27.Nf2 Rf8 28.f5 Qe5 29.Ng4 Qxg3+
30.Kxg3 h5 31.Ne3 g5 32.Bf1 Bxf1 33.Rxf1 Kg7 34.b4 Rde8 35.Kf3 Re5 36.Nc4 Re6
37.Ne3 d5 38.exd5 cxd5 39.Ncxd5 Re5 40.Rc1 Rf7 41.Rc6 Rd7 42.Rc7 Rxc7 43.Nxc7 Kf7
44.Nb5 h4 45.Nd6+ Kg7 46.Ndc4 Re8 47.Ng4 Re1 48.f6+ Kf7 49.Nce5+ Ke6 50.f7 Ke7
51.b5 Rf1+ 52.Kg2 Re1 53.Nf3 Re4 54.Nf2 Rf4  1/2-1/2

[Event "5th ch-Asian"]
[Site "Hyderabad IND"]
[Date "2005.10.14"]
[Round "8"]
[White "Al Modiahki,M"]
[Black "Dzhumaev,M"]
[Result "1-0"]
[WhiteElo "2568"]
[BlackElo "2507"]

1.e4 g6 2.d4 Bg7 3.Nc3 d6 4.Be3 Nd7 5.Nf3 Ngf6 6.Qd2 c6 7.h3 O-O 8.Bd3 e5
9.dxe5 dxe5 10.O-O Qe7 11.Ne2 Nc5 12.Ng3 Rd8 13.Qb4 Nfd7 14.Rfd1 a5 15.Qa3 Re8
16.Bf1 b5 17.Qc3 Bb7 18.b3 a4 19.Qe1 Ne6 20.c4 c5 21.cxb5 Nd4 22.Qc3 h6 23.Nd2 h5
24.Bc4 h4 25.Ngf1 Kh8 26.Re1 f5 27.f3 Rf8 28.Bf2 Qg5 29.Kh1 Nf6 30.Bd3 Nh5
31.Be3 Nf4 32.Bxf4 exf4 33.e5 Qe7 34.b4 cxb4 35.Qxd4 Rfd8 36.Qb6 Rxd3 37.Qxg6 Rf8
38.Rac1 Bd5 39.Nc4 Qe6 40.Qh5+ Kg8 41.Nd6 Bxa2 42.Qxh4 b3 43.Nc4 Rd4 44.Nfd2 b2
45.Nxb2 Rxd2 46.Nxa4 Qg6 47.Rg1 Bd5 48.Qxf4 Bh6 49.Qh4 Be3 50.Rcd1 Rxg2 51.Rxg2 Bxf3
52.Qc4+ Kh8 53.Qh4+ Bh6 54.Qf2 Qh5 55.Rd3 Be4 56.Nc5 Bxd3 57.Nxd3 Qd1+ 58.Ne1 Re8
59.Qh4 Kh7 60.Qg3 Kh8 61.Kh2 Qd4 62.Nd3 Rd8 63.Qg6 Qh4 64.e6 Bf8 65.Qg8+  1-0

[Event "Goodbye Summer Open"]
[Site "Omis CRO"]
[Date "2005.10.15"]
[Round "8"]
[White "Markovic,A"]
[Black "Rukavina,J"]
[Result "1/2-1/2"]
[WhiteElo "2090"]
[BlackElo "2418"]

1.e4 d6 2.d4 g6 3.Nc3 Bg7 4.h3 Nf6 5.Nf3 O-O 6.Bd3 Nc6 7.O-O e5 8.dxe5 Nxe5
9.Nxe5 dxe5 10.Bg5 h6 11.Bh4 Be6 12.Qe2 Qd4 13.Bxf6 Bxf6 14.Nb5 Qc5 15.c3 a6
16.Na3 b5 17.Nc2 c6 18.a4 Rfd8 19.axb5 axb5 20.Rfd1 Be7 21.Ne3 h5 22.Qc2 Rxa1
23.Rxa1 Bg5 24.Nf1 Bh4 25.g3 Be7 26.h4 Qd6 27.Be2 Qb8 28.b4 Rd7 29.c4 Bxb4
30.cxb5 c5 31.Qa4 Bc3 32.Qa8 Rd8 33.Qxb8 Rxb8 34.Rb1 Ba2 35.Rc1 Bd4 36.Nd2 c4
37.Bxc4 Bxc4 38.Rxc4 Rxb5  1/2-1/2

[Event "Chigorin Mem"]
[Site "St Petersburg RUS"]
[Date "2005.10.15"]
[Round "1"]
[White "Yankovsky,R"]
[Black "Romanov,E"]
[Result "1/2-1/2"]
[WhiteElo "2178"]
[BlackElo "2479"]

1.e4 g6 2.d4 Bg7 3.Nc3 d6 4.f4 Nf6 5.e5 Nfd7 6.Nf3 c5 7.exd6 O-O 8.dxc5 Nxc5
9.Be2 exd6 10.Nd5 Nc6 11.O-O Bf5 12.c3 Re8 13.Bc4 a6 14.a4 h6 15.Be3 Be4
16.Re1 Rc8 17.b4 Bxd5 18.Qxd5 Ne6 19.Qd3 Qf6 20.Bxe6 Rxe6 21.Rac1 Qe7 22.Bd2 Qd7
23.b5 axb5 24.axb5 Rxe1+ 25.Bxe1 Nd8 26.Nd4 d5 27.Rd1 Rc4 28.Ne2 Qxb5 29.Qxd5 Qxd5
30.Rxd5 Ne6 31.f5 gxf5 32.Rxf5 Nc5 33.Rf4 Rxf4 34.Nxf4 Ne4 35.Nd5 Kf8 36.Kf1 Ke8
37.Ke2 Kd7 38.Kd3 Nc5+ 39.Kc4 Ne4  1/2-1/2

[Event "Chigorin Mem"]
[Site "St Petersburg RUS"]
[Date "2005.10.16"]
[Round "2"]
[White "Kurenkov,N"]
[Black "Grigorjev,E"]
[Result "1/2-1/2"]
[WhiteElo "2438"]
[BlackElo "2286"]

1.e4 d6 2.d4 g6 3.Nc3 Bg7 4.Bg5 c5 5.dxc5 Qa5 6.Qd2 Bxc3 7.bxc3 Qxc5 8.Nf3 Nc6
9.Rb1 Qa5 10.Bc4 Nf6 11.Bxf6 exf6 12.O-O O-O 13.Qxd6 Qxc3 14.Bd5 Kg7 15.Rb3 Qxc2
16.Qa3 Ne5 17.Nxe5 fxe5 18.Qe7 Be6 19.Rxb7 Rae8 20.Qd6 Bxd5 21.Qxd5 Kg8 22.Rxa7 Rd8
23.Qxe5 Rde8 24.Re7 Rxe7 25.Qxe7 Qxa2 26.g3 Qa4 27.f3 Qd4+ 28.Kg2 h5 29.Rf2 Kg7
30.e5 Qd8 31.Qb4 Qd5 32.Qc3 Qe6 33.h3 Rc8 34.Qa5 Qc4 35.Rd2 Qc3 36.Qxc3 Rxc3
37.Kf2 Rc5 38.Re2 Rc3 39.Ra2 Rc5 40.Re2 Rc3 41.h4 Rc6 42.Re4 Rc3 43.Ke2 Ra3
44.Rd4 Kf8 45.Rd3 Ra5 46.f4 Ke7 47.Rb3 Ra7 48.Kf3 Ra4 49.g4 hxg4+ 50.Kxg4 Ra1
51.Rb7+ Kf8 52.h5 Rg1+ 53.Kf3 gxh5 54.f5 Rf1+ 55.Ke4 h4 56.Rb8+ Kg7 57.f6+ Kh7
58.Rb2 Re1+ 59.Kf4 Rf1+ 60.Ke4 Re1+ 61.Kd5 Rd1+ 62.Ke4 Re1+ 63.Kf4 Rf1+ 64.Kg4 Re1
65.Rb5 Kg6 66.Kxh4 Kf5 67.Rb7 Rxe5 68.Rxf7  1/2-1/2

[Event "Independence Day Women"]
[Site "Sheki AZE"]
[Date "2005.10.17"]
[Round "3"]
[White "Kovalevskaya,E"]
[Black "Bogza,A"]
[Result "1-0"]
[WhiteElo "2457"]
[BlackElo "2295"]

1.e4 g6 2.d4 Bg7 3.Nc3 d6 4.Bg5 Nd7 5.Qd2 c5 6.d5 a6 7.a4 Qb6 8.Nd1 Ngf6
9.f3 Ne5 10.Be2 h6 11.Be3 e6 12.c4 exd5 13.cxd5 Bd7 14.a5 Qd8 15.Nc3 b5 16.axb6 Qxb6
17.Nh3 O-O 18.Nf2 Bb5 19.Nxb5 axb5 20.O-O Nc4 21.Bxc4 bxc4 22.Rac1 Ra2 23.Nd1 Nd7
24.Rxc4 Qb3 25.Rc1 Kh7 26.Qe1 Ne5 27.Rc3 Qb5 28.Qh4 Ra1 29.Rc1 Rfa8 30.Nf2 Qxb2
31.h3 Rxc1 32.Bxc1 Qe2 33.Bxh6 Bxh6 34.f4 Ra2 35.fxe5 dxe5 36.Qe7 Be3 37.Qxf7+ Kh6
38.Qf8+ Kh7 39.Qf7+ Kh6 40.Qf8+ Kh7 41.d6 Rd2 42.Qf7+ Kh6 43.d7 Qd3 44.Qf8+ Kh7
45.Qf7+ Kh6 46.Kh2 Bf4+ 47.Qxf4+ exf4 48.Nxd3 Rxd3 49.Rxf4 Rxd7 50.Kg3 c4
51.Rf3 Kg5 52.h4+ Kh5 53.Rf8 Kh6 54.Rc8 Rd3+ 55.Kf4 c3 56.Rc7 Rd2 57.g4 g5+
58.hxg5+ Kg6 59.Rc6+ Kg7 60.Rxc3 Rf2+ 61.Rf3 Ra2 62.Kf5  1-0

[Event "Chigorin Mem"]
[Site "St Petersburg RUS"]
[Date "2005.10.17"]
[Round "3"]
[White "Turkin,V"]
[Black "Romanov,E"]
[Result "0-1"]
[WhiteElo "2298"]
[BlackElo "2479"]

1.e4 g6 2.d4 Bg7 3.Nc3 d6 4.Bg5 Nd7 5.Bc4 h6 6.Be3 e6 7.Qd2 Ne7 8.Nge2 a6
9.a4 d5 10.Bd3 dxe4 11.Nxe4 Nd5 12.O-O a5 13.c4 Nxe3 14.fxe3 b6 15.N2c3 O-O
16.Nb5 Bb7 17.Rad1 f5 18.Ng3 Nf6 19.Ne2 Nh5 20.Bb1 Qe7 21.Qe1 c6 22.Nbc3 c5
23.Ng3 Nf6 24.Nge2 e5 25.d5 Ng4 26.Rf3 e4 27.Rg3 g5 28.Bxe4 Qe5 29.Rxg4 fxg4
30.Qg3 Ba6 31.Qxe5 Bxe5 32.Bd3 Rae8 33.e4 h5 34.Ng3 h4 35.Nf5 Bc8 36.Rf1 g3
37.hxg3 Bxf5 38.exf5 hxg3 39.Ne4 Bd4+ 40.Kh1 Rxe4 41.Bxe4 Rf6  0-1

[Event "SCG First League m"]
[Site "Vrnjacka Banja SCG"]
[Date "2005.10.17"]
[Round "1"]
[White "Sedlak,N"]
[Black "Tseshkovsky,V"]
[Result "1-0"]
[WhiteElo "2512"]
[BlackElo "2600"]

1.e4 d6 2.d4 g6 3.Nc3 Bg7 4.Be3 Nf6 5.h3 O-O 6.Nf3 c6 7.Qd2 b5 8.Bd3 Nbd7
9.O-O Bb7 10.Rfe1 e5 11.dxe5 dxe5 12.a4 a6 13.Ne2 Re8 14.Ng3 Qe7 15.b4 Rad8
16.Qc3 Rc8 17.Qb3 Rb8 18.axb5 axb5 19.c4 bxc4 20.Qxc4 Ra8 21.Bc2 Nf8 22.Bb3 N6d7
23.Ng5 Ne6 24.Nxe6 Qxe6 25.Qxe6 fxe6 26.Rxa8 Bxa8 27.Rd1 Nf8 28.Bc5 Bf6 29.Nf1 Be7
30.Ne3 Bxc5 31.bxc5 Rb8 32.Bc4 h5 33.Ra1 Kf7 34.Ra7+ Ke8 35.g4 Rb1+ 36.Kg2 Bb7
37.Ba2 Rb4 38.Nc4 Kd8 39.Nxe5 Kc7 40.Bc4 Nd7 41.Nxd7 Rxc4 42.Nf8 hxg4 43.h4 Kb8
44.Ra5 Rb4 45.Nxg6 Rb5 46.Rxb5 cxb5 47.f3 b4 48.Ne5 b3 49.Nc4 Ba6 50.Nd2  1-0

[Event "SCG First League w"]
[Site "Vrnjacka Banja SCG"]
[Date "2005.10.17"]
[Round "1"]
[White "Maric,M"]
[Black "Vasilevich,T"]
[Result "0-1"]
[WhiteElo "2284"]
[BlackElo "2400"]

1.e4 g6 2.d4 Bg7 3.Nc3 d6 4.g3 Nc6 5.Be3 e5 6.dxe5 Nxe5 7.h3 Nf6 8.f4 Nc6
9.Qd2 O-O 10.O-O-O Re8 11.Bg2 Bd7 12.Nge2 b5 13.e5 dxe5 14.Nxb5 e4 15.g4 Rb8
16.c4 Ra8 17.Qc2 Nb4 18.Qb3 Nd3+ 19.Kb1 c6 20.Nbd4 Qc7 21.Qc2 Reb8 22.Nb3 a5
23.Bd4 a4 24.Nbc1 Nxb2 25.Bxb2 a3 26.Nb3 axb2 27.Nc3 Be6 28.Nd2 Qxf4 29.Rhf1 Qe5
30.Rfe1 Ra3 31.Ndxe4 Nxe4 32.Nxe4 Rxa2 33.Qd3 Ra1+ 34.Kc2 b1=Q+ 35.Rxb1 Rb2+  0-1

[Event "SCG First League m"]
[Site "Vrnjacka Banja SCG"]
[Date "2005.10.19"]
[Round "3"]
[White "Nadj Hedjesi,B"]
[Black "Kosoric,L"]
[Result "1-0"]
[WhiteElo "2378"]
[BlackElo "2098"]

1.e4 g6 2.d4 d6 3.Nc3 Bg7 4.Be3 Nf6 5.h3 c6 6.Nf3 Qa5 7.Qd2 O-O 8.Bd3 e5
9.dxe5 dxe5 10.O-O Nh5 11.a3 Qc7 12.Ne2 Be6 13.Ng5 Qe7 14.Qb4 Re8 15.Nxe6 fxe6
16.Qxe7 Rxe7 17.Bc4 Nd7 18.Rfd1 Kf7 19.Rd6 Nb6 20.Bb3 Nf6 21.f3 Ne8 22.Rd2 Rd7
23.Rad1 Nf6 24.Rd6 Re8 25.Rxd7+ Nfxd7 26.a4 Re7 27.g4 Nf8 28.a5 Nc8 29.Nc3 Rd7
30.Ra1 Bf6 31.Na4 Be7 32.g5 Nd6 33.Nc5 Rc7 34.Nd3 Nd7 35.h4 Nb5 36.c3 Bd6
37.Rd1 Ke7 38.Ba4 a6 39.Kg2 c5 40.c4 Nd4 41.h5 Kf7 42.hxg6+ hxg6 43.Rh1 Kg7
44.f4 exf4 45.Nxf4 Nf8 46.Rd1 Rf7 47.Nd3 e5 48.Bxd4 exd4 49.e5 Be7 50.Rf1 Rxf1
51.Kxf1 Kf7 52.Ke2 Ke6 53.Bc2 Kd7 54.Kf3 Ne6 55.Ke4 Kc6 56.Ba4+ Kc7 57.Kd5 Nxg5
58.Nxc5 Bxc5 59.Kxc5 d3 60.Kd4 d2 61.Ke3 Kd8 62.Bd1 Nf7 63.e6 Ne5 64.b3 Nc6
65.Kxd2 Ke7 66.Kc3 Nxa5 67.Kb4 Nc6+ 68.Kc5 Kxe6 69.Kb6 Nd8 70.Bf3 g5 71.c5 Nc6
72.Kxb7 Na5+ 73.Kb6 Nxb3 74.Bg4+ Kd5 75.Bf3+ Ke6 76.c6 Nd4 77.c7 Nxf3 78.c8=Q+ Ke5
79.Qg4  1-0

[Event "Chigorin Mem"]
[Site "St Petersburg RUS"]
[Date "2005.10.20"]
[Round "6"]
[White "Tkachuk,A"]
[Black "Bashkirov,V"]
[Result "1-0"]
[WhiteElo "2170"]
[BlackElo "2052"]

1.e4 g6 2.d4 Bg7 3.Nc3 d6 4.f4 Nf6 5.Nf3 O-O 6.Bd3 Nc6 7.d5 Nb4 8.O-O Nxd3
9.cxd3 c6 10.dxc6 bxc6 11.d4 Bg4 12.h3 Bxf3 13.Qxf3 e5 14.fxe5 dxe5 15.Bg5 Qxd4+
16.Kh1 Nh5 17.Be7 f5 18.Bxf8 Rxf8 19.Ne2 Qxb2 20.Qb3+ Qxb3 21.axb3 Rb8 22.Rf3 Rb7
23.Ra6 fxe4 24.Rc3 Nf4 25.Ng3 e3 26.Rxe3 Nd5 27.Re1 Rxb3 28.Ne4 Bh6 29.Rxc6 Be3
30.Rd6 Nf4 31.Rd7 Nh5 32.g4 Nf4 33.Red1 Bd4 34.Ng5 h6 35.Rc1 Rc3 36.Rxc3 Bxc3
37.Ne4 Bd4 38.h4 Nd3 39.Kg2 a5 40.Rd8+ Kf7 41.Ra8 Nc5 42.Nxc5 Bxc5 43.Rxa5 Bd4
44.Kf3 Bc3 45.Ra7+ Kf6 46.Rh7 Bd2 47.Ke4 Bf4 48.Kd5 Bd2 49.Ke4 Bf4 50.Kf3 Bd2
51.Ra7 Be1 52.Ra6+ Kg7 53.h5 gxh5 54.gxh5 Bd2 55.Ke4 Bf4 56.Kf5 Kf7 57.Ra7+ Ke8
58.Kg4 Bg5 59.Kf5 Bf4 60.Kf6 Kd8 61.Ke6 Kc8 62.Rg7 Kd8 63.Rh7 Kc8 64.Rf7 Kd8
65.Rg7 Kc8 66.Kd6 Bh2 67.Rh7 Bf4 68.Rf7 Bh2 69.Re7 Bf4 70.Re8+ Kb7 71.Rf8 Bh2
72.Kd7 Kb6 73.Rf6+ Kc5 74.Rxh6 Bf4 75.Rf6 Kd5 76.Rf5 Be3 77.Ke7 Bf4 78.Kf6 Kd4
79.Ke6 Ke4 80.Rf7 Ke3 81.Kf5 Kf3 82.Re7  1-0

[Event "Chigorin Mem"]
[Site "St Petersburg RUS"]
[Date "2005.10.21"]
[Round "7"]
[White "Kuznetsova,T"]
[Black "Bashkirov,V"]
[Result "0-1"]
[WhiteElo "2030"]
[BlackElo "2052"]

1.e4 g6 2.d4 Bg7 3.Nc3 d6 4.f4 Nf6 5.Nf3 c5 6.dxc5 Qa5 7.Bd3 Qxc5 8.Qe2 Bg4
9.Be3 Qa5 10.O-O Nc6 11.Kh1 O-O 12.Qe1 Nd7 13.Nh4 f5 14.Bc4+ Kh8 15.h3 Bh5
16.Be6 Nc5 17.exf5 Nxe6 18.fxe6 g5 19.fxg5 Rxf1+ 20.Qxf1 Qb4 21.Nf5 Rf8 22.Re1 Qxb2
23.Ne4 Qxc2 24.Bg1 Bg6 25.g4 Qxa2 26.Neg3 Be5 27.Qb5 Qxe6 28.h4 a6 29.Qd3 Nb4
30.Rxe5 dxe5 31.Qc3 Qc6+ 32.Qxc6 Nxc6 33.Bc5 Bxf5 34.gxf5 Rf7 35.h5 b5 36.g6 Rf6
37.Kg2 e6 38.fxe6 Rxe6 39.gxh7 Kxh7 40.Kf3 b4 41.Ne4 Kh6 42.Kg4 Re8 43.Be3+ Kg7
44.Kg5 Rf8 45.h6+ Kh7 46.Nf6+ Rxf6 47.Kxf6 b3 48.Bc1 e4  0-1

[Event "Chigorin Mem"]
[Site "St Petersburg RUS"]
[Date "2005.10.21"]
[Round "7"]
[White "Lelekova,O"]
[Black "Butneva,L"]
[Result "1-0"]
[WhiteElo "2211"]
[BlackElo "1963"]

1.e4 d6 2.d4 g6 3.Nc3 Bg7 4.Be3 Nf6 5.f3 Nbd7 6.Qd2 O-O 7.Bh6 Re8 8.Bxg7 Kxg7
9.O-O-O e5 10.h4 Nh5 11.Nge2 exd4 12.Nd5 c5 13.g4 Nhf6 14.h5 Ng8 15.hxg6 fxg6
16.Ng3 Ne5 17.Qh2 h6 18.Be2 Be6 19.g5 Nf7 20.gxh6+ Ngxh6 21.Nf4 Bxa2 22.Rdg1 Kh7
23.Nf5 gxf5 24.Qh5 Rg8 25.Qxf5+ Kh8 26.Ng6+ Rxg6 27.Qxg6 Qf8 28.e5 Qg8 29.Qf6+  1-0

[Event "II Open"]
[Site "Calvia ESP"]
[Date "2005.10.22"]
[Round "3"]
[White "Teran Alvarez,I"]
[Black "Conquest,S"]
[Result "0-1"]
[WhiteElo "2428"]
[BlackElo "2514"]

1.e4 g6 2.d4 Bg7 3.Nc3 d6 4.Be3 a6 5.Nf3 Nf6 6.h3 O-O 7.a4 b6 8.e5 Nfd7 9.e6 fxe6
10.Ng5 Nf6 11.h4 Nc6 12.h5 gxh5 13.Bd3 Nb4 14.Bxh7+ Nxh7 15.Nxh7 Rf5 16.Ng5 Qe8
17.Nce4 Qg6 18.Kf1 Bb7 19.c3 Rxg5 20.Nxg5 Nc2 21.Nf3 Nxa1 22.Qxa1 Rf8 23.Rh3 Bxf3
24.gxf3 Qf5 25.Kg2 Rf6 26.Kh2  0-1

[Event "II Open"]
[Site "Calvia ESP"]
[Date "2005.10.22"]
[Round "3"]
[White "Berg,E"]
[Black "Movsziszian,K"]
[Result "0-1"]
[WhiteElo "2540"]
[BlackElo "2461"]

1.e4 d6 2.d4 g6 3.Nc3 Bg7 4.Be3 c6 5.Qd2 b5 6.h4 h5 7.O-O-O Nf6 8.f3 Qc7
9.Kb1 Nbd7 10.Nh3 Nb6 11.Qf2 O-O 12.Ng5 b4 13.Ne2 Rb8 14.g4 hxg4 15.h5 Nxh5
16.fxg4 Bxg4 17.Bh3 Bxh3 18.Rxh3 Qc8 19.Rxh5 gxh5 20.Nf4 e5 21.Nxh5 Qg4 22.Rh1 f6
23.Nf3 Rb7 24.Ng3 Nc4 25.Nh2 Qe6 26.Nf5 exd4 27.Ng4 Qxe4 28.Ngh6+ Bxh6 29.Nxh6+ Kh8
30.Qh2 Rh7 31.Bf4 Ne5 32.Rg1 Nf3 33.Qg2 Qd5 34.Bxd6 Nxg1 35.Qxd5 cxd5 36.Bxf8 Ne2
37.b3 f5 38.Kb2 a5 39.a3 Rxh6 40.Bxh6 f4 41.axb4 axb4 42.Bg5 Kg7 43.Bh4 Kg6
44.Be1 f3  0-1

[Event "SCG First League m"]
[Site "Vrnjacka Banja SCG"]
[Date "2005.10.22"]
[Round "6"]
[White "Perunovic,Mio"]
[Black "Kosoric,L"]
[Result "1-0"]
[WhiteElo "2374"]
[BlackElo "2098"]

1.e4 g6 2.d4 Bg7 3.Nc3 d6 4.Bg5 c6 5.Qd2 a6 6.f4 b5 7.Nf3 Nd7 8.Bd3 Nb6 9.O-O Qc7
10.Rae1 Bg4 11.e5 d5 12.f5 e6 13.fxe6 Bxe6 14.Ne2 h6 15.Bh4 g5 16.Bf2 Ne7
17.Ng3 Bg4 18.Nxg5 hxg5 19.Qxg5 Be6 20.Qxg7 O-O-O 21.Qf6 Nc4 22.Bxc4 dxc4
23.Ne4 Nd5 24.Qf3 Nb4 25.Qc3 Nd5 26.Qa3 a5 27.Nd6+ Kb8 28.Bg3 Nb4 29.Rf2 Rdg8
30.Ref1 Rh7 31.Nxf7 Nxc2 32.Rxc2 b4 33.Qe3 Rxf7 34.Rf6 Re7 35.Rcf2 Rge8 36.h4 Kb7
37.h5 Rd8 38.h6 c5 39.dxc5 Rd3 40.Qe4+ Bd5 41.Qg6 Ka7 42.Kh2 Rd4 43.R6f4 Rxf4
44.Bxf4 Qxc5 45.Qg3 Kb7 46.Be3 Qc7 47.Bd4 a4 48.a3 Rh7 49.Rf6 Bc6 50.axb4 Qd8
51.Rd6 Qe8 52.Rg6 Ka6 53.Be3 Kb5 54.e6 Bd5  1-0

[Event "Jababeka Women"]
[Site "Jakarta INA"]
[Date "2005.10.23"]
[Round "4"]
[White "Hui,S"]
[Black "Khegai,A"]
[Result "0-1"]
[WhiteElo "2005"]
[BlackElo "2243"]

1.e4 g6 2.d4 Bg7 3.Nc3 d6 4.f4 Nf6 5.e5 Nfd7 6.Bc4 Nb6 7.Bb3 d5 8.Qf3 c6
9.Nge2 h5 10.h3 a5 11.a3 h4 12.Be3 Bf5 13.O-O-O e6 14.g4 hxg3 15.Qxg3 a4
16.Ba2 N6d7 17.h4 Bf8 18.Rh2 b5 19.Rdh1 Rh5 20.Qf3 b4 21.axb4 Bxb4 22.Ng3 a3
23.Bb3 axb2+ 24.Kxb2 Qa5 25.Na2 Qa3+  0-1

[Event "Chigorin Mem"]
[Site "St Petersburg RUS"]
[Date "2005.10.23"]
[Round "9"]
[White "Denisov,I"]
[Black "Bashkirov,V"]
[Result "0-1"]
[WhiteElo "2154"]
[BlackElo "2052"]

1.e4 g6 2.d4 Bg7 3.Nc3 d6 4.Be3 Nd7 5.Qd2 a6 6.O-O-O b5 7.Kb1 Bb7 8.f3 c5
9.dxc5 dxc5 10.Nxb5 Bc6 11.Nc3 Rb8 12.Bc4 Qb6 13.Bb3 a5 14.Nd5 Qb7 15.c3 e6
16.Nf4 Ne7 17.Nd3 O-O 18.Nxc5 Nxc5 19.Bxc5 a4 20.Bc4 Rfd8 21.Qxd8+ Rxd8 22.Rxd8+ Bf8
23.Ne2 Qc7 24.Bxe7 Qxe7 25.Rhd1 Qc7 26.Ng3 Kg7 27.Be2 a3 28.b3 Bd5 29.Kc2 Qxd8
30.exd5 exd5 31.Bc4 Qh4 32.Rxd5 Qxh2 33.Ne2 Qxg2 34.Rd7 Qxf3 35.Rxf7+ Qxf7
36.Bxf7 Kxf7 37.Kd2 h5 38.Ke3 Kf6 39.Nd4 g5 40.Kf3 Bd6 41.Kg2 g4 42.b4 h4
43.Nb5 Be5 44.Nxa3 h3+ 45.Kh1 Bxc3 46.Nc2 Bd2 47.Nd4 Ke5 48.Ne2 Be3 49.Ng1 Kf4
50.b5 Kg3 51.a4 Bxg1 52.a5 h2 53.a6 Kh3 54.a7 Bxa7 55.b6 g3  0-1

[Event "Chigorin Mem"]
[Site "St Petersburg RUS"]
[Date "2005.10.23"]
[Round "9"]
[White "Eidelson,R"]
[Black "Grigorjev,E"]
[Result "1-0"]
[WhiteElo "2192"]
[BlackElo "2286"]

1.e4 d6 2.d4 g6 3.Nc3 Bg7 4.h3 Nf6 5.Nf3 O-O 6.Be3 c6 7.a4 Qa5 8.Bd3 Na6
9.O-O e5 10.dxe5 dxe5 11.Rb1 Nb4 12.Bc4 a6 13.Bb3 Bd7 14.Qd6 b6 15.Bg5 Qc5
16.Qxc5 bxc5 17.Be3 c4 18.Bxc4 Nxc2 19.Bc5 Rfd8 20.Nxe5 Be8 21.Nf3 a5 22.Rfd1 Rxd1+
23.Rxd1 Rb8 24.Rd2 Nb4 25.e5 Nfd5 26.Ne4 h6 27.Nd6 Bd7 28.Re2 Nc7 29.Bxf7+ Kh7
30.e6 Nd3 31.Ba7 Rd8 32.Nb7 Nxe6 33.Nxd8 Nxd8 34.Re7 Bf5 35.Bc4 c5 36.Bxd3 Bxd3
37.Rd7 Nc6 38.Bxc5 Bc2 39.Bf8  1-0

[Event "SCG First League m"]
[Site "Vrnjacka Banja SCG"]
[Date "2005.10.23"]
[Round "7"]
[White "Kotronias,V"]
[Black "Tseshkovsky,V"]
[Result "1-0"]
[WhiteElo "2626"]
[BlackElo "2600"]

1.e4 d6 2.d4 g6 3.Nc3 Bg7 4.f4 Nf6 5.Nf3 O-O 6.Be3 c6 7.Bd3 Na6 8.Bxa6 bxa6
9.h3 Rb8 10.Rb1 d5 11.e5 Ne4 12.Nxe4 dxe4 13.Nd2 Be6 14.O-O f5 15.Nb3 a5
16.Rf2 Qb6 17.Qe1 Bxb3 18.cxb3 Rfd8 19.Rc1 Rd5 20.Rfc2 Rc8 21.Rc4 h6 22.Kh1 Kh7
23.Qc3 Qd8 24.Rxc6 Rxc6 25.Qxc6 Rxd4 26.Bxd4 Qxd4 27.Qc2 Qe3 28.Rf1 e6 29.Qf2 Qd3
30.Re1 g5 31.fxg5 hxg5 32.Qxa7 Qg3 33.Rd1 Kg6 34.Rd6 f4 35.Rxe6+ Kh7 36.Re7 Qe1+
37.Qg1 Qe2 38.Rd7 f3 39.gxf3 exf3  1-0

[Event "II Open"]
[Site "Calvia ESP"]
[Date "2005.10.24"]
[Round "5"]
[White "Leskovar,Mar"]
[Black "Norberg,J"]
[Result "1-0"]
[WhiteElo "2372"]
[BlackElo "2212"]

1.e4 g6 2.d4 Bg7 3.Nc3 d6 4.Nf3 Nf6 5.Be2 O-O 6.O-O Bg4 7.Be3 e6 8.a4 Nbd7
9.h3 Bxf3 10.Bxf3 e5 11.Qd2 Qe7 12.Rfe1 Rfe8 13.Rad1 Rad8 14.a5 b5 15.axb6 Nxb6
16.dxe5 dxe5 17.Qc1 Qb4 18.Rxd8 Rxd8 19.Rd1 Rxd1+ 20.Nxd1  1-0

[Event "5th Rohde Open"]
[Site "Sautron FRA"]
[Date "2005.10.24"]
[Round "3"]
[White "Jaulin,P"]
[Black "Koziak,V"]
[Result "1/2-1/2"]
[WhiteElo "2143"]
[BlackElo "2480"]

1.e4 d6 2.d4 g6 3.Nc3 Bg7 4.Be3 a6 5.Nf3 Nd7 6.Qd2 b5 7.Bd3 Bb7 8.O-O e5
9.dxe5 dxe5 10.a4 c6 11.Ne2 Ngf6 12.h3 O-O 13.Ng3 Qe7 14.Bh6 Bxh6 15.Qxh6 Rfe8
16.c3 b4 17.cxb4 Qxb4 18.Ng5 Qf8 19.Qxf8+ Kxf8 20.Rac1 h6 21.Nf3 Re6 22.Rc3 c5
23.Nd2 Ne8 24.Bc4 Rb6 25.b3 Rd6 26.Bd3 Rb8 27.Nc4 Re6 28.f3 Nd6 29.Ne3 Nc8
30.Bc4 Rd6 31.Rfc1 Ne7 32.Ngf1 f5 33.Bd3 f4 34.Nc4 Rd4 35.Na5 Bc8 36.Nd2 g5
37.Ndc4 h5 38.Kf2 Kg7 39.Ke1 Kf6 40.Be2 g4 41.hxg4 hxg4 42.Nb2 g3 43.Nd3 Rd6
44.Nxc5 Nxc5 45.Rxc5 Be6 46.Nc6 Nxc6 47.Rxc6 Rxc6 48.Rxc6 Kf7 49.Rxa6 Rxb3
50.Ra7+ Kf6 51.a5 Rb1+ 52.Kd2 Bh3 53.a6 Bxg2 54.Rb7 Ra1 55.a7 Kg5 56.Rg7+  1/2-1/2

[Event "Jababeka Women"]
[Site "Jakarta INA"]
[Date "2005.10.25"]
[Round "8"]
[White "Lindiawati,E"]
[Black "Khegai,A"]
[Result "1-0"]
[WhiteElo "2091"]
[BlackElo "2243"]

1.e4 g6 2.d4 Bg7 3.Nc3 d6 4.Be3 c6 5.Qd2 Nd7 6.h4 Qa5 7.f4 b5 8.e5 d5 9.Ne4 Qxd2+
10.Nxd2 Nb6 11.Bd3 h5 12.Ngf3 Nc4 13.Nxc4 bxc4 14.Be2 Bf5 15.Kd2 e6 16.b3 cxb3
17.axb3 Nh6 18.Ra6 O-O 19.Rha1 Ng4 20.Rxc6 Rfc8 21.Rxa7 Rxc6 22.Rxa8+ Bf8
23.c4 Rb6 24.cxd5 Rxb3 25.d6 Kg7 26.Bg1 Rb2+ 27.Kd1 Rb1+ 28.Kd2 Rb2+ 29.Kc3 Rc2+
30.Kb3 Rxe2 31.d7 Be7 32.Re8 Bc2+ 33.Kc3 Ba4 34.Rxe7 Bxd7 35.Rxd7 Rxg2 36.Kd3 Nh6
37.Rc7 Nf5 38.Rc2 Rg3 39.Ke4 Ne7 40.Be3 Nd5 41.Bc1 Rh3 42.Rg2 Rh1 43.Rg1 Rh3
44.Bd2 Ne7 45.Ke3 Nf5+ 46.Kf2 Kf8 47.Be1 Nxh4 48.Nxh4 Rxh4 49.Kf3 Rh3+ 50.Rg3 Rh1
51.Bb4+ Ke8 52.Kg2 Rd1 53.Bc5 Rd2+ 54.Kf1 Kd7 55.Rg2 Rd1+ 56.Ke2 Rb1 57.Ke3 Kc6
58.Ra2 Kd5 59.Ra7 Rb3+ 60.Kf2 Ke4 61.Rxf7 Rf3+ 62.Ke2 g5 63.Rh7 gxf4 64.Rxh5 Rg3
65.Rh2 Rb3 66.Rh6 Rb2+ 67.Ke1 f3 68.Rxe6 Rb1+ 69.Kf2 Rb2+ 70.Kg3 Rg2+ 71.Kh3 Rg5
72.Rf6 Ke3 73.e6 Rg8 74.d5+ Ke2 75.e7  1-0

[Event "5th Rohde Open"]
[Site "Sautron FRA"]
[Date "2005.10.25"]
[Round "4"]
[White "Tirard,H"]
[Black "Chatalbashev,B"]
[Result "1-0"]
[WhiteElo "2435"]
[BlackElo "2491"]

1.e4 g6 2.d4 Bg7 3.Nc3 d6 4.Be3 a6 5.Qd2 Nd7 6.Nf3 b5 7.Bd3 c5 8.a4 b4 9.Ne2 Qc7
10.Ng3 h5 11.c4 h4 12.Ne2 h3 13.g3 Ngf6 14.d5 Ng4 15.Bf4 Nde5 16.Nxe5 dxe5
17.Bg5 f6 18.f3 Nxh2 19.Rxh2 fxg5 20.g4 e6 21.b3 Bb7 22.O-O-O O-O-O 23.Rdh1 Rh4
24.Kb1 Qe7 25.Qe3 Kc7 26.Nc1 a5 27.Bf1 Kb6 28.Nd3 Bf6 29.Rd2 Qc7 30.Rxh3 Rdh8
31.Rxh4 Rxh4 32.dxe6 Rh1 33.Rd1 Rh2 34.Nf2 Rh8 35.Rd7 Qc8 36.Nd3 Rh1 37.Nxc5 Rxf1+
38.Kc2 Re1 39.Rxb7+ Qxb7 40.Nd7+ Ka6 41.Qxe1 Be7 42.Qe3 Qc7 43.Qd3 Ka7 44.Qd5 Bd6
45.c5 Be7 46.Qxe5  1-0